区划代码对应的地级行政区:黑龙江 - Statistics

General Stats
  • This quiz has been taken 5 times
  • The average score is 9 of 13
Answer Stats
区划代码 行政区名称 % Correct
2301 哈尔滨市
100%
2302 齐齐哈尔市
100%
2303 鸡西市
80%
2304 鹤岗市
80%
2306 大庆市
80%
2307 伊春市
80%
2305 双鸭山市
60%
2309 七台河市
60%
2311 黑河市
60%
2312 绥化市
60%
2327 大兴安岭地区
60%
2308 佳木斯市
40%
2310 牡丹江市
40%
No matching quizzes found
Score Distribution
Percent of People with Each Score
Percentile by Number Answered
Your Score History
You have not taken this quiz